Madison Beer Songs - Sudden Death - Statistics

General Stats
  • This quiz has been taken 184 times
  • The average score is 12 of 20
Answers on the Grid
Answers color-coded by a green-red scale on the quiz's grid according to % correct below.
Ptolemaea
Tyler Durden
Dear Society
Wish
Dead
Fools
Angel
Blue
Baby
Super Stars
Manchild
Something Sweet
Sweet Nothing
Intro
Iris
Someone Like You
Lover
Best to You
Sweet Relief
BOYSHIT
Melodies
Hurts Like Hell
Alberto Balsalm
Bed Peace
Selfish
Look At You
Unbreakable
Blank Space
I Wonder
JUMP
Reckless
Say it to My Face
Miracle
Default
100
Red
15 MINUTES
Spinnin
Play Dead
Make You Mine
 
Answer Stats
Answer % Correct
Dear Society
79%
Baby
76%
Dead
72%
Tyler Durden
70%
15 MINUTES
65%
BOYSHIT
65%
Make You Mine
65%
Selfish
65%
Reckless
63%
Fools
62%
Spinnin
61%
Hurts Like Hell
57%
Sweet Relief
56%
Blue
54%
I Wonder
51%
Say it to My Face
48%
Melodies
47%
Default
46%
Unbreakable
29%
Something Sweet
27%
No matching quizzes found
Score Distribution
Percent of People with Each Score
Percentile by Number Answered
Your Score History
You have not taken this quiz